00227nam a2200085Ia 4500008004100000100002000041245002600061260004500087260000900132170620s9999 xx 000 0 und d aSharma- Promila 4aThe Aims of Education bNew Delhi- A.P.H. Publishing corporation c2005